| 000 | 01064cam a2200325 a 4500 | ||
|---|---|---|---|
| 001 | 17477450 | ||
| 003 | SISC | ||
| 005 | 20161121141827.0 | ||
| 008 | 120927s2013 mau 001 0 eng | ||
| 010 | _a 2012037906 | ||
| 020 | _a9781422190128 (alk. paper) | ||
| 020 | _a9781422191422 | ||
| 040 |
_aDLC _cDLC _dDLC |
||
| 042 | _apcc | ||
| 050 | 0 | 0 |
_aHD 69.S8 _b.H39 2013 |
| 082 | 0 | 0 | _a658/.046 |
| 245 | 0 | 0 | _aHBR's 10 must reads on collaboration / |
| 246 | 3 | _aHBR's ten must reads on collaboration | |
| 246 | 3 | _aHarvard business review's 10 must reads on collaboration | |
| 260 |
_aBoston, Mass. : _bHarvard Business Review Press, _c2013. |
||
| 300 |
_av, 163 pages ; _c21 cm. |
||
| 500 | _aIncludes index. | ||
| 650 | 0 | _aBusiness networks. | |
| 650 | 0 | _aCooperativeness. | |
| 650 | 0 | _aInterorganizational relations. | |
| 730 | 0 | _aHarvard business review. | |
| 906 |
_a7 _bcbc _corignew _d1 _eecip _f20 _gy-gencatlg |
||
| 942 |
_2lcc _cBK |
||
| 999 |
_c305281 _d305281 |
||